| 000 | 00365nam a22001457a 4500 | ||
|---|---|---|---|
| 005 | 20260326151236.0 | ||
| 008 | 260326b |||||||| |||| 00| 0 eng d | ||
| 020 | _a0-446-52769-6 | ||
| 100 | _aGARLOCK DOROTHY | ||
| 245 | _aTHE EDGE OF TOWN | ||
| 260 |
_aNEW YORK _bWARNER BOOKS _c2001 |
||
| 300 | _a370P | ||
| 650 | _aRURAL FAMILIES - FICTION | ||
| 942 |
_2lcc _cBK |
||
| 999 |
_c216875 _d216875 |
||